Derecho del trabajo

Saved in:
Bibliografiske detaljer
Main Authors: Palomeque López, Manuel Carlos (autor), Alvarez de la Rosa, Manuel (Author)
Format: Bog
Sprog:spansk
Udgivet: Madrid Centro de Estudios Ramón Areces 2003
Udgivelse:11a. ed
Serier:Colección Ceura
Fag:
Tags: Tilføj Tag
Ingen Tags, Vær først til at tagge denne postø!

MARC

LEADER 00000nam a2200000 a 4500
001 UCL8541
003 CL-VaPUC
008 040625e20030000SP |||||||||||||||||spa|d
020 |a 8480045884 
082 0 4 |a 344.4601  |b PAL  |2 21 
100 |a Palomeque López, Manuel Carlos  |e autor  |9 565513 
700 0 |a Alvarez de la Rosa, Manuel  |e author  |9 486429 
245 1 0 |a Derecho del trabajo 
250 |a 11a. ed 
300 |a 1244 p 
942 |c BK 
945 |d 20040625 00:00:00  |a cmena 
260 |a Madrid  |b Centro de Estudios Ramón Areces  |c 2003 
650 7 |a DERECHO LABORAL  |2 CL-VaPUC  |9 15 
650 0 |a Derecho español  |9 255291 
651 0 |a España  |9 254926 
583 |a last modification  |c 20170731 10:02:50  |k Rodrigo Vera 
490 0 |a Colección Ceura 
999 |c 309775  |d 309773 
952 |0 0  |1 0  |4 0  |6 344_460100000000000_PAL_2003  |7 0  |8 A  |9 377517  |a BIBDER  |b BIBDER  |d 2019-11-21  |i 4032462  |o 344.4601 PAL 2003  |p 4032462  |r 2023-01-25  |w 2019-11-21  |y BK  |k DER